Niebla

Spremljeno u:
Bibliografski detalji
Glavni autor: Unamuno, Miguel de (Autor)
Format: Knjiga
Jezik:španjolski
Izdano: Santiago Ceres 1983
Teme:
Oznake: Dodaj oznaku
Bez oznaka, Budi prvi tko označuje ovaj zapis!

MARC

LEADER 00000nam a2200000 a 4500
001 UCX3154
003 CL-VaPUC
008 911007e19830000CL |||||||||||||||||spa|d
082 0 4 |a 863  |b UNA  |2 21 
100 0 |a Unamuno, Miguel de  |e author  |9 312478 
245 1 0 |a Niebla 
300 |a 126 p 
942 |c BK 
945 |d 19911007 00:00:00 
260 |a Santiago  |b Ceres  |c 1983 
650 0 |a Novelas españolas  |9 265052 
583 |a last modification  |c 20160520 16:16:24  |k Rodrigo Vera 
999 |c 223969  |d 223967 
952 |0 0  |1 0  |4 0  |6 863_000000000000000_UNA_1983  |7 0  |8 R  |9 220273  |a BIBEDU  |b BIBEDU  |c MCIRC  |d 2019-11-15  |i 2890135  |o 863 UNA 1983  |p 2890135  |r 2023-01-13  |w 2019-11-15  |y BK_R  |k LIT